CASES AND MATERIALS ON FAMILY LAW (Record no. 10604)

MARC details
000 -LEADER
fixed length control field 00336nam a22001577a 4500
003 - CONTROL NUMBER IDENTIFIER
control field SGT
020 ## - INTERNATIONAL STANDARD BOOK NUMBER
International Standard Book Number 9789350355572
082 ## - DEWEY DECIMAL CLASSIFICATION NUMBER
Classification number 346.015,KUS
100 ## - MAIN ENTRY--PERSONAL NAME
Personal name KUSUM
245 ## - TITLE STATEMENT
Title CASES AND MATERIALS ON FAMILY LAW
250 ## - EDITION STATEMENT
Edition statement 4TH
260 ## - PUBLICATION, DISTRIBUTION, ETC. (IMPRINT)
Place of publication, distribution, etc NEW DELHI
Name of publisher, distributor, etc UNIVERSAL
Year of Publication 2015
300 ## - PAGE DESCRIPTION
No. of Pages 493
650 ## - SUBJECT ADDED ENTRY--TOPICAL TERM
Topical term or geographic name as entry element FAMILY LAW
942 ## - ADDED ENTRY ELEMENTS (KOHA)
Source of classification or shelving scheme Dewey Decimal Classification
Koha item type Books
Holdings
Withdrawn status Lost status Source of classification or shelving scheme Damaged status Not for loan Collection code Home library Current library Shelving location Date acquired Vendor Name Cost, normal purchase price SGTU Bill Number Total Checkouts Full call number Accession No. (Barcode) Date last seen Date last borrowed Bill Date Koha item type
    Dewey Decimal Classification     LAW SGT Science & Social Sciences Library SGT Science & Social Sciences Library Text Book 25/01/2017 TECHNICAL BUREA INDIA LIMITED 560.00 SGTU 2002 5 346.015,KUS FL1148 25/02/2019 11/02/2019 26/09/2016 Books
    Dewey Decimal Classification   Not For Loan LAW SGT Science & Social Sciences Library SGT Science & Social Sciences Library Reference Book 25/01/2017 TECHNICAL BUREA INDIA LIMITED 560.00 SGTU 2002   346.015,KUS FL1149 25/01/2017   26/09/2016 Books